00293nam a22000977a 4500008004100000082001500041100000800056245009800064260002400162300000900186230621b xxu||||| |||| 00| 0 eng d a328.3bCPA cCPA aReport of the Executive Committee 1987-88 and bReport of Proceedings of the General Assembly aCanberrabCPAc1988 a103p